[Event "Asian Zonal 3.3 2019"]
[Site "Ulaanbaatar"]
[Date "2019.04.09"]
[Round "3.20"]
[White "Boldoo, Erdenepurev"]
[Black "Priasmoro, Novendra"]
[Result "1-0"]
[WhiteElo "2334"]
[BlackElo "2479"]
[Annotator "TA"]
[PlyCount "89"]
[EventDate "2019.04.07"]
[EventType "swiss"]
[EventRounds "9"]
[EventCountry "MGL"]
[SourceTitle "playchess.com"]
[Source "ChessBase"]
[SourceQuality "1"]

{[%evp 27,89,56,51,51,45,47,51,16,63,31,58,53,34,13,91,46,97,105,147,108,105,68,72,52,87,78,132,122,159,166,125,114,146,85,119,95,77,46,195,204,289,331,301,319,315,302,457,17,258,256,322,334,299,289,368,369,587,567,741,603,29989,29990,29997,29998]} 1. d4 Nf6 2. c4 g6 3. Nc3 Bg7 4. e4 d6 5. Nf3 O-O 6. Be2 e5 7. O-O Na6 8. Be3 Ng4 9. Bg5 Qe8 10. dxe5 dxe5 11. h3 h6 12. Bc1 Nf6 13. Be3 Qe7 14. Nd5 Qd8 15. Qc2 {E94: King's Indian: Classical: 6 Be2 e5 7 0-0: Various Black 7th moves} (15. Qc1 Kh7 16. Rd1 Nxe4 17. c5 Bd7 18. Bxa6 bxa6 19. c6 Be6 20. Nb6 axb6 21. Rxd8 Rfxd8 22. Qc2 Nd6 {0-1 (46) Georgiev,K (2662)-Shchekachev,A (2549) Marrakesh 2010}) 15... c6 16. Nxf6+ Qxf6 17. Rad1 {White is slightly better.} Kh7 $146 ({Predecessor:} 17... Qe7 18. c5 Be6 19. Rd6 Nc7 20. Rfd1 Nb5 21. R6d2 Rfd8 22. Bc4 Rxd2 23. Rxd2 Nd4 24. Bxd4 exd4 25. Bxe6 Qxe6 26. b3 Rd8 27. Kf1 Rd7 28. Qd3 {½-½ (28) Jackelen,T (2415)-Borriss,M (2439) Germany 2003}) 18. Rd2 Qe7 19. c5 Nc7 20. Rfd1 Ne6 (20... f5 $1 $11 {remains equal.} 21. Rd6 Ne8) 21. Rd6 Nf4 (21... Nc7 $14) 22. Bf1 g5 23. Nh2 Kh8 24. g3 Ne6 25. Nf3 Re8 26. b4 Nc7 (26... Qf6 $142 27. Be2 Bf8) 27. a4 $36 {[%mdl 2048] Keeping Black busy.} Be6 28. b5 cxb5 29. axb5 Rec8 30. Qc3 ({Better is} 30. c6 bxc6 31. Rxc6 (31. bxc6 Ne8 $16)) 30... a6 31. bxa6 ({Worse is} 31. Nxe5 Nxb5 32. Bxb5 axb5 $11) 31... Nxa6 32. Nxe5 (32. h4 {looks sharper.} Qf6 33. c6 bxc6 34. Nxe5 gxh4 35. Bd4) 32... Nxc5 (32... Kg8 $14) 33. Bxc5 $18 b6 (33... Kg8 {is a better defense.} 34. R1d5 Bxd5 35. Rxd5 Qe6) 34. Rd8+ $1 ({Less strong is} 34. Rxb6 Rxc5 35. Ng6+ fxg6 $14) 34... Rxd8 35. Bxe7 Rxd1 36. Kg2 Raa1 {[#]} (36... Kh7 $142 37. Be2 Rd7) 37. Be2 $2 (37. Bf8 $1 $18 {[%mdl 512] Intending Nxf7+! and mate.} Kg8 (37... Bxf8 38. Ng6+) 38. Bxg7) 37... Rg1+ $2 (37... Rac1 $11 38. Nxf7+ (38. Qb2 Rb1 $11) 38... Bxf7) 38. Kf3 {aiming for Bf8!} Rab1 39. Qc7 {And now Bc4 would win.} Rb3+ {[#]} 40. Nd3 $1 Kh7 41. e5 Kg6 (41... Ra1 {was necessary.} 42. Bd6 b5) 42. Qc6 h5 43. Ke3 {Threatens to win with Qe4+.} b5 44. Qe4+ Kh6 {[#]} 45. Bxg5+ $1 {[%mdl 576] Remove Defender. Accuracy: White = 51%, Black = 16%.} 1-0

[Event "Asian Zonal 3.3 2019"]
[Site "Ulaanbaatar"]
[Date "2019.04.09"]
[Round "3.21"]
[White "Dang, Hoang Son"]
[Black "Bulgankhan, Ganzorig"]
[Result "1-0"]
[WhiteElo "2367"]
[BlackElo "1936"]
[Annotator "TA"]
[PlyCount "75"]
[EventDate "2019.04.07"]
[EventType "swiss"]
[EventRounds "9"]
[EventCountry "MGL"]
[SourceTitle "playchess.com"]
[Source "ChessBase"]
[SourceQuality "1"]

{[%evp 20,75,29,26,29,21,29,28,37,5,42,36,40,9,33,25,32,0,0,0,0,-40,-30,-21,-22,-70,-56,-68,-37,-41,0,-37,-27,-140,-129,-140,399,407,754,737,602,768,727,707,728,518,887,528,934,914,954,950,1628,1606,2160,1864,29992,29992]} 1. d4 Nf6 2. c4 g6 3. Nc3 Bg7 4. e4 d6 5. f3 O-O 6. Nge2 c5 7. d5 e6 8. Ng3 a6 9. a4 exd5 10. cxd5 Nbd7 11. Be2 Ne8 {A65: Modern Benoni: 6 e4} 12. Be3 (12. Bf4 Rb8 13. O-O c4 14. Bxc4 Qb6+ 15. Rf2 Bd4 16. Qd2 Ne5 17. Bf1 Bxf2+ 18. Qxf2 Qxf2+ 19. Kxf2 {½-½ (32) Carlsen,M (2835)-Nepomniachtchi,I (2763) Wijk aan Zee 2019}) 12... Rb8 13. Qd2 Nc7 {White has an edge.} 14. Bh6 b5 15. Bxg7 $146 ({Predecessor:} 15. h4 Qf6 16. h5 Qd4 17. Qc1 Bxh6 18. Qxh6 {0-1 (48) Pigeat,A (2286)-Feryn,B (2153) Agen 2017}) 15... Kxg7 16. axb5 axb5 17. O-O Kg8 18. Nd1 c4 19. Ne3 Nc5 20. Rae1 Re8 21. Nc2 Bd7 22. Qc3 Qe7 23. Nd4 Rec8 24. f4 Re8 25. Bf3 Nd3 {[#] Hoping for ...Nxd5!} 26. e5 (26. Ra1 $11) 26... dxe5 $17 (26... Nxe1 27. Rxe1 Qf8 28. Nc2 $17) 27. fxe5 Qc5 $2 {[%mdl 8192]} ({Don't do} 27... Nxe1 28. Rxe1 Qg5 29. Nc2 $17) (27... Nxe5 $17 {and life is bright. White must now prevent ...b4.} 28. Kh1 b4) 28. Ne4 $18 Qa7 (28... Nxd5 $142 29. Nxc5 {[%mdl 64] Discovered Attack} Nxc3) 29. Nf6+ Kh8 30. Ra1 Na6 31. Nxd7 Qxd7 32. Rxa6 Qb7 (32... b4 $142 33. Qxc4 Nxe5) 33. Rfa1 Kg8 34. d6 Qc8 35. Nc6 Rxe5 36. d7 (36. Nxe5 Qc5+ 37. Qd4 Qxd4+ 38. Kh1 Nf2+ 39. Kg1 Nh3+ {[%mdl 64] Discovered Attack (Double check)} 40. Kh1 {[#]} Qg1+ $1 {[%mdl 512]} 41. Rxg1 Nf2#) 36... Qf8 37. Qd4 Qa3 38. R6xa3 {Accuracy: White = 48%, Black = 37%.} (38. R1xa3 $2 {gets mated.} Re1#) 1-0

[Event "Asian Zonal 3.3 2019"]
[Site "Ulaanbaatar"]
[Date "2019.04.09"]
[Round "3.22"]
[White "Amgalantengis, Enkh-Amgalan"]
[Black "Munkhgal, Gombosuren"]
[Result "0-1"]
[WhiteElo "1832"]
[BlackElo "2455"]
[Annotator "TA"]
[PlyCount "84"]
[EventDate "2019.04.07"]
[EventType "swiss"]
[EventRounds "9"]
[EventCountry "MGL"]
[SourceTitle "playchess.com"]
[Source "ChessBase"]
[SourceQuality "1"]

{[%evp 9,84,0,29,0,0,0,38,28,70,0,15,13,27,0,0,0,0,0,0,-10,0,0,0,-27,0,0,6,0,0,0,43,38,41,25,31,25,37,27,25,-54,-47,-56,-15,-60,-37,-58,-56,-56,-52,-152,-141,-139,-120,-135,-128,-116,-117,-112,-115,-216,-219,-289,-231,-387,-358,-498,-490,-663,-604,-550,-467,-431,0,-583,-503,-1243,-1160]} 1. d4 e6 2. c4 d5 3. Nc3 a6 4. e3 (4. cxd5 exd5 5. Nf3 h6 6. Bf4 Nf6 7. e3 Bd6 8. Bxd6 Qxd6 9. Qc2 O-O 10. Bd3 Re8 11. h3 Be6 12. O-O Nbd7 13. a4 {½-½ (40) Shankland,S (2725)-Carlsen,M (2835) Wijk aan Zee 2019}) 4... Nf6 5. Nf3 Be7 6. cxd5 {D31: Queen's Gambit Declined: Semi-Slav without ...Nf6 (+ Marshall Gambit and Noteboom) and Exchange Variation lines without ...Nf6} exd5 7. Bd3 Bg4 8. h3 {White is slightly better.} Bh5 9. Qa4+ $146 (9. g4 $14 Bg6 10. Bxg6 hxg6 11. Qb3) ({Predecessor:} 9. O-O c6 10. a3 Nbd7 11. b3 b5 12. Bb2 c5 13. e4 cxd4 14. Nxd5 Nxd5 15. exd5 {1-0 (49) Hellwege,W (1976)-Potschka,D (1791) Buesum 2015}) 9... Nbd7 10. Ne5 Bg6 11. Bxg6 hxg6 12. Nxd7 Qxd7 13. Qxd7+ Kxd7 14. O-O Bd6 15. Re1 Rae8 16. Bd2 c6 17. f3 Re7 18. e4 dxe4 19. fxe4 {[#] Threatens to win with e5.} Bb4 20. e5 Ne8 21. a3 Bxc3 22. bxc3 f6 23. Rab1 b5 24. exf6 ({White should play} 24. a4 $11) 24... Rxe1+ $15 25. Bxe1 Nxf6 $11 {[%mdl 4096] Endgame KRB-KRN} 26. a4 Nd5 ({Don't play} 26... bxa4 $6 27. Ra1 $14) 27. axb5 cxb5 28. Ra1 Ra8 29. Ra5 (29. Bd2 $15) 29... Nb6 30. Kf2 Nc4 31. Ra1 a5 32. Rb1 Kc6 33. Ke2 Re8+ 34. Kf3 (34. Kd1 $17) 34... Re3+ $19 35. Kf4 Re2 36. Kf3 $2 {[#]} (36. d5+ Kxd5 37. Rxb5+ Kc6 38. Rb1) 36... Rb2 37. Ra1 a4 {[%cal Ba5a4,Ba4a3,Ba3a2][%mdl 32]} 38. g4 a3 39. Ke4 Re2+ 40. Kf3 Rb2 41. Ke4 $1 a2 42. Kd3 (42. h4 $142) 42... Kd5 {Accuracy: White = 42%, Black = 58%.} 0-1

[Event "Asian Zonal 3.3 2019"]
[Site "Ulaanbaatar"]
[Date "2019.04.09"]
[Round "3.24"]
[White "Chinguun, Bayaraa"]
[Black "Chuluun, Gonchigdorj"]
[Result "1-0"]
[WhiteElo "2033"]
[BlackElo "1982"]
[Annotator "NA RC"]
[PlyCount "145"]
[EventDate "2019.04.07"]
[EventType "swiss"]
[EventRounds "9"]
[EventCountry "MGL"]
[SourceTitle "playchess.com"]
[Source "ChessBase"]
[SourceQuality "1"]
[TimeControl "40/5400+30:1800+30"]

1. d4 f5 2. c4 b6 3. Nc3 Bb7 4. d5 e5 5. e4 Qf6 6. Nf3 f4 7. a3 g5 8. h3 a5 9. b3 Nh6 10. Bb2 d6 11. Be2 Nf7 12. Nh2 Bc8 13. Bg4 Bd7 14. Qe2 Be7 15. O-O-O Bxg4 16. Nxg4 Qg6 17. f3 h5 18. Nf2 h4 19. Nd3 O-O 20. b4 axb4 21. axb4 Nd7 22. Kd2 Rfc8 23. Ra1 Qh6 24. Nb5 Bd8 25. Na7 Rcb8 26. Nc6 Rc8 27. Rhc1 Qf8 28. Qf2 Bf6 29. c5 bxc5 30. bxc5 Rxa1 31. Bxa1 Ra8 32. cxd6 Ra2+ 33. Bb2 cxd6 34. Ra1 Rxa1 35. Bxa1 Qa8 36. Bb2 Bd8 37. Qa7 Qxa7 38. Nxa7 g4 39. hxg4 h3 40. gxh3 Ng5 41. Ke2 Nxh3 42. Nb5 Bb6 43. Kf1 Nc5 44. Nxc5 Bxc5 45. Ba3 Bxa3 46. Nxa3 Kf7 47. Kg2 Ng5 48. Nc4 Ke7 49. Nd2 Kf6 50. Kf2 Nh3+ 51. Kf1 Ng5 52. Kg2 Ke7 53. Nc4 Kd7 54. Nb2 Ke7 55. Nd3 Kf6 56. Nf2 Kg6 57. Nh3 Nh7 58. Kf2 Nf6 59. Ke2 Nd7 60. Kd3 Kf6 61. Kc4 Ke7 62. Kb5 Nf8 63. Nf2 Ng6 64. Nd3 Nh4 65. Ne1 Kd7 66. Kb6 Ng6 67. Ng2 Ne7 68. Nh4 Nc8+ 69. Kb7 Ne7 70. g5 Ng8 71. Nf5 Ke8 72. Kc7 Kf7 73. Nh6+ 1-0

[Event "Asian Zonal 3.3 2019"]
[Site "Ulaanbaatar"]
[Date "2019.04.10"]
[Round "4.1"]
[White "Baasansuren, Erdene"]
[Black "Batchuluun, Tsegmed"]
[Result "1/2-1/2"]
[WhiteElo "2199"]
[BlackElo "2547"]
[Annotator "TA"]
[PlyCount "107"]
[EventDate "2019.04.07"]
[EventType "swiss"]
[EventRounds "9"]
[EventCountry "MGL"]
[SourceTitle "playchess.com"]
[Source "ChessBase"]
[SourceQuality "1"]

{[%evp 9,107,14,16,-9,0,-24,-22,-34,-35,-29,-43,-33,-34,-37,-52,-47,-47,-59,-69,-59,-48,-57,-55,-103,-84,-76,-67,-82,-73,-79,-82,-81,-45,-50,-32,-30,0,0,0,0,-6,-10,0,0,0,0,0,0,0,0,0,0,0,-8,-7,-10,-8,-8,-21,-62,-8,-16,0,-34,-40,-29,-29,-33,-33,-74,-74,-64,-73,-243,-243,-230,-8,-8,-8,-8,-8,-8,-8,-8,-8,-8,-8,-8,-8,-8,-8,-8,-8,-8,-8,-8,-8,-8,-8,-8]} 1. Nf3 Nf6 2. c4 e6 3. b3 d5 4. Bb2 c5 5. e3 Nc6 6. g3 {A13: English Opening: 1...e6} (6. cxd5 exd5 7. Be2 d4 8. exd4 cxd4 9. Bb5 Qe7+ 10. Qe2 Qxe2+ 11. Kxe2 Bd7 12. Re1 O-O-O 13. Kf1 a6 14. Bxc6 Bxc6 15. Nxd4 Be4 16. Nf3 Bxf3 17. gxf3 Bd6 18. Bxf6 {½-½ (18) Dubov,D (2703)-Aronian,L (2765) St Petersburg 2018}) 6... d4 7. exd4 cxd4 8. Bg2 e5 9. O-O Bd6 10. Re1 O-O $36 {[%mdl 2048] Black is more active.} 11. d3 Re8 12. a3 a5 13. Nbd2 Bf5 14. Qc2 h6 $146 ({Predecessor:} 14... Rc8 15. Rac1 b5 16. Ng5 {0-1 (46) Radenic,F (2198)-Gaifullin,A (2461) Riga 2018}) 15. c5 Bf8 16. Nc4 {[%cal Rf3e5]} Nd7 ({Weaker is} 16... Bxc5 17. Ncxe5 Nxe5 18. Rxe5 $14) 17. Nh4 Bh7 18. Bxc6 bxc6 19. b4 axb4 20. axb4 Rxa1 21. Bxa1 Qb8 22. Qd2 f6 23. f4 exf4 24. Rxe8 Qxe8 25. gxf4 Qh5 26. Ng2 Qd5 27. Ne1 g5 28. Qf2 Bxd3 {[%mdl 64] Remove Defender} 29. Nxd3 Qxc4 30. Qxd4 Qe6 $1 31. Nf2 Kf7 32. Kg2 f5 33. fxg5 hxg5 34. Nd3 Ke8 (34... Be7 $1 $15 35. Qg7+ Ke8 36. Qh8+ Nf8) 35. Kf2 (35. Bc3 {feels hotter.} Be7 36. Qh8+ Nf8 37. Qh5+ Kd7 38. Ne5+) 35... Ke7 (35... Qh6 {with more complications.} 36. Kg1 Be7 37. Bc3 Qh5 38. Nf2 Qg6) 36. Qe3 Qxe3+ 37. Kxe3 $15 {[%mdl 4096] Endgame KBN-KBN} Ke6 38. Ne1 Kd5 39. Kd3 g4 40. Ng2 {[%cal Rg2f4]} Ne5+ 41. Bxe5 $2 (41. Ke3 $17 Bg7 42. Ke2) 41... Kxe5 $17 {KB-KN} 42. Ne3 {[#]} Be7 $2 (42... Ke6 $1 $19 {Black wants to play ...Bh6.} 43. Nf1 Bg7) 43. Nc2 $1 $11 {The position is equal.} f4 44. Nd4 Kd5 {Threatening ...f3.} 45. b5 $1 cxb5 ({Don't take} 45... Bxc5 46. bxc6 Bb6 47. Nf5 $17) 46. c6 {Threatens to win with c7.} Bd8 {aiming for ...b4.} 47. Nxb5 Kxc6 48. Ke4 Bg5 49. Nd4+ Kd7 50. Ne2 f3 51. Ng3 Ke6 {[#]} 52. h3 $1 {[%mdl 512]} Bh4 (52... gxh3 53. Kxf3) 53. hxg4 Bxg3 (53... f2 $5 54. Nf1 $8 Be7 $11) 54. Kxf3 {Accuracy: White = 65%, Black = 77%.} 1/2-1/2

[Event "Asian Zonal 3.3 2019"]
[Site "Ulaanbaatar"]
[Date "2019.04.10"]
[Round "4.2"]
[White "Nasanjargal, Urtnasan"]
[Black "Gomez, John Paul"]
[Result "1/2-1/2"]
[WhiteElo "2482"]
[BlackElo "2460"]
[Annotator "TA"]
[PlyCount "121"]
[EventDate "2019.04.07"]
[EventType "swiss"]
[EventRounds "9"]
[EventCountry "MGL"]
[SourceTitle "playchess.com"]
[Source "ChessBase"]
[SourceQuality "1"]

{[%evp 18,121,53,45,47,29,32,32,43,22,25,15,23,11,8,17,88,96,95,55,111,60,73,56,72,73,72,83,70,53,51,50,70,56,67,30,138,142,132,50,30,0,0,0,0,0,0,0,0,0,0,0,0,0,0,0,0,0,0,0,0,0,0,0,0,0,0,0,0,0,0,0,0,0,0,0,0,0,0,0,0,0,0,0,0,0,0,0,0,0,0,0,8,8,8,8,8,8,8,8,8,8,8,8,8,8]} 1. Nf3 c5 2. e4 Nc6 3. d4 cxd4 4. Nxd4 g6 5. c4 Nf6 6. Nc3 d6 7. Be2 Nxd4 8. Qxd4 Bg7 9. Be3 O-O 10. Qd2 a5 {B36: Sicilian: Maroczy Bind: Gurgenidze System} 11. f3 a4 12. Kf2 Be6 {White is slightly better.} 13. Rac1 Qa5 14. Nd5 Bxd5 $1 15. Qxa5 Rxa5 16. cxd5 Nd7 (16... e6 $1 $11) 17. Rc7 $16 {[%mdl 64] [#] Double Attack} Nc5 18. Rb1 {[#]} Rfa8 $146 ({Better is} 18... Bf6 $14) 19. Kf1 (19. Rxe7 $16 Bf6 20. Rc7) 19... Bf6 20. g4 g5 21. e5 Bxe5 22. Bxg5 ({Reject} 22. Rxe7 Bf6 $15) 22... e6 23. Bd2 {aiming for f4.} R5a7 24. f4 Bd4 25. dxe6 fxe6 26. f5 d5 (26... exf5 $11 27. Bc4+ (27. gxf5 b5 $11) 27... Kh8) 27. Bf3 Ne4 28. Bh6 (28. Rd1 $16) 28... exf5 $14 29. gxf5 Ra6 {The position is equal.} 30. Rd1 {Strongly threatening Bf4.} Be5 {[%mdl 64] [#] Double Attack} 31. Re7 {Black must now prevent Be3.} Rxh6 32. Rxe5 Rxh2 33. Bg2 Nf6 34. Kg1 Rh4 35. Bxd5+ Nxd5 36. Rdxd5 $11 {[%mdl 4096] Endgame KRR-KRR} Rf8 37. Kg2 h5 38. a3 Rf7 39. Re3 Rc4 40. Kf3 h4 41. Re8+ Kg7 42. Re6 h3 43. Kg3 Rc2 {Threatens to win with ...h2.} 44. Rg6+ Kf8 45. Rh6 Kg7 46. Rxh3 Rxb2 47. Kg4 Re7 48. Rf3 {Hoping for f6+.} Re4+ 49. Kg3 Rc4 50. Rd7+ Kf6 51. Rh7 Rb3 52. Rh6+ Kf7 53. Rxb3 axb3 {KR-KR} 54. Rb6 Ra4 55. Rxb7+ Kf6 56. Rxb3 Kxf5 57. Re3 Rg4+ 58. Kf3 Rf4+ 59. Ke2 Re4 60. Rxe4 Kxe4 61. Kd2 {Accuracy: White = 80%, Black = 79%.} 1/2-1/2

[Event "Asian Zonal 3.3 2019"]
[Site "Ulaanbaatar"]
[Date "2019.04.10"]
[Round "4.3"]
[White "Megaranto, Susanto"]
[Black "Gundavaa, Bayarsaikhan"]
[Result "1/2-1/2"]
[WhiteElo "2523"]
[BlackElo "2481"]
[Annotator "TA"]
[PlyCount "101"]
[EventDate "2019.04.07"]
[EventType "swiss"]
[EventRounds "9"]
[EventCountry "MGL"]
[SourceTitle "playchess.com"]
[Source "ChessBase"]
[SourceQuality "1"]

{[%evp 11,101,2,12,0,11,7,0,4,8,1,12,0,-10,-27,0,-21,-15,-66,-24,-25,-12,-33,-35,-27,-25,-34,-40,-48,-38,-52,-35,-24,-37,-22,-33,-34,-30,-28,-23,-32,-30,-40,-40,-40,-43,-47,-44,-48,-39,-40,-44,-37,-25,-20,-27,-69,-46,-50,-50,-50,-50,-59,-26,-26,-26,-71,-71,-73,-72,-72,-26,-26,-26,-26,-26,-26,-26,-26,-26,-26,-26,-26,-27,-33,-33,-33,-33,-33,-33,-33,-33,-33]} 1. e4 c5 2. Nf3 d6 3. Bb5+ Nd7 4. d4 cxd4 5. Qxd4 a6 6. Bxd7+ Bxd7 7. c4 {B51: Sicilian: Moscow Variation (3 Bb5+) without 3...Bd7} (7. Nc3 e5 8. Qd3 Rc8 9. O-O Qc7 10. Rd1 Be6 11. a4 Nf6 12. Nd2 Be7 13. Nf1 Qc4 14. Ne3 Qxd3 15. Rxd3 Kd7 {½-½ (33) Xiong,J (2656)-Vachier Lagrave,M (2780) Douglas 2018}) 7... Nf6 8. Bg5 e6 9. Nc3 {The position is equal.} Bc6 10. O-O Be7 11. Rfe1 h6 12. Bc1 $146 ({Predecessor:} 12. Bh4 O-O 13. Qd3 Rc8 14. Nd4 Qa5 {½-½ (24) Pfretzschner,R (2547)-Sikorsky,H (2470) ICCF email 2012}) 12... O-O 13. b3 b5 14. Bb2 (14. Ba3 $11) 14... bxc4 15. Qxc4 Bb7 16. Rad1 Rc8 17. Qd4 Qc7 18. Nd2 Rfd8 19. Rc1 Qb8 20. Na4 Rxc1 21. Rxc1 e5 22. Qc4 d5 23. Qc7 Qxc7 24. Rxc7 dxe4 25. Nf1 Rd7 26. Bxe5 Rxc7 27. Bxc7 Nd5 28. Ba5 f5 29. Ne3 g6 30. Nxd5 Bxd5 $15 {[%mdl 4096] Endgame KBB-KBN} 31. Bb6 Bb7 32. Nc5 Bc8 33. b4 Bd6 34. g3 Kf7 35. f3 exf3 36. Kf2 Kf6 37. Kxf3 g5 38. a3 Ke5 39. Bd8 Kd5 40. Bf6 Bf8 41. Ke3 Kc4 42. h4 Bd6 {White must now prevent ...f4+.} 43. hxg5 hxg5 44. Bxg5 Bxg3 45. Kf3 Be5 {...Bb2 is the strong threat.} 46. Bc1 Bg7 47. Be3 Bb2 {Black is slightly better.} 48. Kf4 Bxa3 49. Nxa6 $1 Bxa6 50. Kxf5 Bxb4 {[#] aiming for ...Kd5.} 51. Bg5 {Accuracy: White = 65%, Black = 75%.} 1/2-1/2

[Event "Asian Zonal 3.3 2019"]
[Site "Ulaanbaatar"]
[Date "2019.04.10"]
[Round "4.4"]
[White "Batsuren, Dambasuren"]
[Black "Nguyen, Van Huy"]
[Result "1/2-1/2"]
[WhiteElo "2444"]
[BlackElo "2436"]
[Annotator "RC"]
[PlyCount "84"]
[EventDate "2019.04.07"]
[EventType "swiss"]
[EventRounds "9"]
[EventCountry "MGL"]
[SourceTitle "playchess.com"]
[Source "ChessBase"]
[SourceQuality "1"]
[TimeControl "40/5400+30:1800+30"]

1. d4 Nf6 2. c4 e6 3. Nc3 Bb4 4. Qc2 d5 5. cxd5 Qxd5 6. Nf3 Qf5 7. Qxf5 exf5 8. a3 Be7 9. Bf4 c6 10. e3 Be6 11. Ng5 Nbd7 12. Nxe6 fxe6 13. Be2 O-O 14. O-O-O Nb6 15. Kc2 Nbd5 16. Nxd5 Nxd5 17. Bg3 g5 18. Be5 Rad8 19. Bc4 Bd6 20. Bxd6 Rxd6 21. Rhe1 Kf7 22. b4 a6 23. Kb3 Ke7 24. a4 Rdd8 25. Rc1 g4 26. g3 h5 27. h4 Kd6 28. Red1 Ra8 29. Bf1 b5 30. a5 Rac8 31. Bg2 Rf6 32. Rc5 Rc7 33. Rb1 Rc8 34. Kc2 Rc7 35. Kd3 Rcf7 36. Ke2 Rf8 37. f3 gxf3+ 38. Bxf3 Rh6 39. Bxd5 exd5 40. Rbc1 Kd7 41. Rf1 Rg8 42. Rf3 Rg4 1/2-1/2

[Event "Asian Zonal 3.3 2019"]
[Site "Ulaanbaatar"]
[Date "2019.04.10"]
[Round "4.5"]
[White "Garidmagnai, Byambasuren"]
[Black "Tran, Tuan Minh"]
[Result "1/2-1/2"]
[WhiteElo "2313"]
[BlackElo "2553"]
[Annotator "TA"]
[PlyCount "110"]
[EventDate "2019.04.07"]
[EventType "swiss"]
[EventRounds "9"]
[EventCountry "MGL"]
[SourceTitle "playchess.com"]
[Source "ChessBase"]
[SourceQuality "1"]

{[%evp 15,110,-20,-8,-9,-2,-10,0,0,18,9,12,2,16,9,4,11,8,16,14,0,23,22,21,10,18,10,12,12,29,12,78,5,52,-18,-15,-15,-15,-30,-22,-22,-22,-22,-22,-31,-31,-31,-39,-53,-53,-53,-53,-62,-62,-81,-62,-62,-62,-62,-51,-51,0,-62,-51,-139,-139,-139,-139,-144,-51,-55,0,-118,-62,-62,-55,-55,-50,-54,-35,-35,0,0,0,0,0,0,0,0,0,0,0,0,0,0,0,0,145]} 1. d4 Nf6 2. c4 e6 3. Nc3 Bb4 4. Qc2 b6 5. a3 Bxc3+ 6. Qxc3 Bb7 7. Bg5 O-O 8. Nf3 d6 9. g3 {E32: Nimzo-Indian: Classical (4 Qc2): 4...0-0} (9. Nd2 Nbd7 10. e3 c5 11. dxc5 Nxc5 12. b4 Ncd7 13. f3 Rc8 14. Be2 Ne5 15. Qb2 Ng6 16. Rc1 h6 17. Bxf6 Qxf6 18. Qxf6 gxf6 {1-0 (47) Carlsen,M (2855)-Topalov,V (2761) Leuven 2016}) 9... Nbd7 10. Bg2 Qc8 11. O-O Be4 $146 ({Predecessor:} 11... Ne4 12. Qc2 f5 13. Rad1 Qe8 14. Bc1 Ndf6 15. Ne1 h6 16. f3 {0-1 (51) Rossi,G (2078)-Tatai,S (2371) Turin 2000}) 12. Rfd1 Re8 13. Rac1 h6 14. Bxf6 Nxf6 15. b4 {[%cal Bb2b4,Bb4b5][%mdl 32]} a5 16. b5 Qb7 17. a4 Nd7 18. Bh3 Rad8 19. Nd2 e5 20. Nxe4 Qxe4 21. e3 Nf6 22. Qc2 c5 (22... Qxc2 $11 23. Rxc2 exd4) 23. dxc5 (23. bxc6 $16 Qxc6 24. Rb1) 23... dxc5 {Threatens to win with ...Qxc2.} (23... Qxc2 {is interesting.} 24. Rxc2 dxc5 25. Rcd2 Rxd2 26. Rxd2 Ne4) 24. Qb3 (24. Qxe4 $14 Rxd1+ 25. Rxd1 Nxe4 26. Rd3) 24... Qa8 25. Bg2 e4 26. Rxd8 Rxd8 27. Rd1 Kf8 28. Kf1 Ke7 29. Ke2 Rxd1 30. Qxd1 Qc8 31. Qa1 Qe6 32. Qc3 Ne8 33. Ke1 f6 34. Bf1 Nd6 35. h4 Nf7 36. Be2 Ne5 37. Qc2 $1 {[%cal Rc2e4]} Nf7 38. Qc3 $1 Qh3 {And now ...Qh1+ would win.} 39. Qc2 (39. Qd2 $15) 39... Qh1+ $1 $17 40. Kd2 Ne5 41. Qd1 Qh3 (41... Qxd1+ $17 42. Kxd1 f5) 42. Kc3 $15 {[#]} Qg2 (42... h5 $1 $15 {[%mdl 512]}) 43. Qe1 {[#]} (43. Qd5 $1 $11) 43... g6 (43... h5 $1 $17 {[%mdl 512]}) 44. Kd2 Qh3 45. Qb1 Qf5 46. Ke1 h5 47. Qc2 Ke6 48. Qd1 {The position is equal.} Nd3+ 49. Bxd3 $1 exd3 $11 {[%mdl 4096] Endgame KQ-KQ} 50. f3 Qe5 51. Kd2 $1 Qxg3 52. Qh1 Qf2+ 53. Kxd3 Qb2 54. Qh3+ Ke7 55. Qc8 Qa3+ {Accuracy: White = 54%, Black = 44%.} (55... Qb3+ $11 {keeps the balance.} 56. Kd2 Qb4+ 57. Kd3 Qb1+ 58. Kd2 Qb2+ 59. Kd3 Qb1+ 60. Kd2 Qb2+ 61. Kd3) 1/2-1/2